000 02929nam a2200565 a 4500
005 20241202101826.0
008 241128e2020 ag ||||f |||| 001 0 spa d
020 _a9789500209991
041 _aspa
092 _c613.2
_l55
_sNAV
100 1 _aNavarro, Elisabet.
_94224
245 _aTécnica dietoterápica /
_cElisabet Navarro
250 _a3a ed. 2a reimp.
260 _aBuenos Aires:
_bEl Ateneo;
_c2020.
300 _a542 p.
500 _aNavarro, E., Longo, E. N. y González, A. F. (2020). Técnica dietoterápica. (3a ed.). Buenos Aires: El Ateneo.
653 _aIntroducción a la técnica dietoterápica
653 _aValoracion de las necesidades del individuo enfermo
653 _aTécnicas de soporte nutricional: nutrición enteral y nutrición parenteral
653 _aTécnica dietoterápica en gastroenterología. Generalidades de las entidades digesto-absortivas
653 _aTécnica dietoterápica en las enfermedades esofágicas
653 _aTécnica dietoterápica en las enfermedades gastricas
653 _aTécnica dietoterápica en las patologías del intestino delgado
653 _aTécnica dietoterápica en las enfermedades del colon
653 _aTécnica dietoterápica en las enfermedades hepaticas
653 _aTécnica dietoterápica en las enfermedades de las vías biliares y pancreaticas
653 _aTécnica dietoterápica en la enfermedad celiaca y otros transtornos relacionados con el gluten/trigo
653 _aEl plan de alimentación para el control de peso
653 _aEl plan de alimentación en la diabetes
653 _aEl plan de alimentación en las enfermedades cardiovasculares
653 _aEl plan de alimentación hiposodico
653 _aOrientación en los trastornos de la conducta alimentaria
653 _aEl plan de alimentación para la recuperación del peso corporal
653 _aEl plan de alimentación en las enfermedades renales
653 _aEnfoque dietetico en las enfermedades del sistema nervioso
653 _aReacciones adversas a los alimentos
653 _aEstrategias nutricionales y alimentarias aplicables a pacientes con infección por virus de inmunodeficiencia humana (VIH) y sida
653 _aPaciente critico. Soporte nutricional del paciente quemado grave
653 _aCáncer: nutrición y dieta
653 _aEnfoque nutricional en el tratamiento de anemias y osteoporosis
653 _aAlimentación vegetariana: riesgos y beneficios
653 _aImplicancias dietéticas en enfermedades reumaticas, pulmonares y sarcopenia
653 _aEnfoque dietético en situaciones particulares
653 _aInteracción alimentos-medicamentos
653 _aLa educación alimentaria nutricional (EAN)
653 _aLa técnica dietoterápica y la gastronomía hospitalaria
700 1 _aLongo, Elsa N.
_94225
700 1 _aGonzález, Andrea F.
_94226
942 _2ddc
_cBK
999 _c3213
_d3213